Movies Beginning With C - The Last 40 Years - Statistics

General Stats
  • This quiz has been taken 23 times
  • The average score is 13 of 41
Answer Stats
Picture Answer % Correct
Crocodile Dundee (1986)
95%
Cruella (2021)
84%
Cool Runnings (1993)
79%
Cocaine Bear (2023)
74%
Cocktail (1988)
74%
City Slickers (1991)
68%
Cruel Intentions (1999)
68%
CHiPS (2017)
63%
Cheaper By The Dozen (2003)
53%
Constantine (2005)
53%
Crouching Tiger, Hidden Dragon (2000)
53%
Cry-Baby (1990)
53%
The Color Purple (1985)
53%
Cop Land (1997)
47%
Central Intelligence (2016)
37%
Charlie's Angels (2019)
37%
Can't Buy Me Love (1987)
26%
Captain Ron (1992)
26%
Clear And Present Danger (1994)
26%
Confessions Of A Shopaholic (2009)
26%
Copycat (1995)
21%
Carry-On (2024)
16%
Cloud Atlas (2012)
16%
Cooties (2014)
16%
Crank (2006)
16%
The Commuter (2018)
16%
The Count Of Monte Cristo (2002)
16%
Cassandra's Dream (2007)
11%
Caught Stealing (2025)
11%
Centurion (2010)
11%
Courage Under Fire (1996)
11%
Cyborg (1989)
11%
The Call (2013)
11%
Cellular (2004)
5%
Child 44 (2015)
5%
City Of Ember (2008)
5%
Clay Pigeons (1998)
5%
Clouds (2020)
5%
Colombiana (2011)
5%
Confess, Fletch (2022)
5%
The Curse Of The Jade Scorpion (2001)
5%
No matching quizzes found
Score Distribution
Percent of People with Each Score
Percentile by Number Answered
Your Score History
You have not taken this quiz